000 00336nam a2200145Ia 4500
008 150201s2006 xx 000 0 und d
082 _a616.462
_bP06K
100 _aKENNEDY, LEE
245 _aPROBLEM SOLVING IN DIABETES
250 _a1ST
260 _bJAYPEE
_aDELHI
_c2006
300 _a1-237
650 _aDIABETES
942 _2ddc
_cBK
999 _c1756
_d1756